000 00392pam a2200169 a 4500
020 _c
041 _h
082 _a641.5
100 _aHUGO ARNOLD
_eAuthor
245 _aBARBECUES AND OTHER OUTDOOR FEASTS
_cHUGO ARNOLD
_hTextual Documents
250 _a1st
260 _awigston
_bSILVERDEL BOOKS
300 _a159
653 _afood production
700 _eCo-Author
930 _a345
999 _c227746
_d227746